|
|
|
|
| LEADER |
01107nam a2200265 a 4500 |
| 001 |
4905594 |
| 008 |
100731s1995 nyua b 001 0 eng d |
| 010 |
|
|
|a 94013722
|
| 020 |
|
|
|a 0070110875
|
| 040 |
|
|
|a DLC
|c DLC
|d DLC
|d BD-DhAAL
|
| 082 |
0 |
0 |
|a 657/.044
|2 20
|
| 100 |
1 |
|
|a Chasteen, Lanny G.,
|d 1942-
|
| 245 |
1 |
0 |
|a Intermediate accounting /
|c Lanny G. Chasteen, Richard E. Flaherty, Melvin C. O'Connor.
|
| 250 |
|
|
|a 5th ed.
|
| 260 |
|
|
|a New York :
|b McGraw-Hill,
|c c1995.
|
| 300 |
|
|
|a xxviii, 1201 p. :
|b ill. ;
|c 26 cm.
|
| 504 |
|
|
|a Includes bibliographical references and index.
|
| 541 |
1 |
|
|e 00011641
|
| 650 |
|
0 |
|a Accounting.
|
| 700 |
1 |
|
|a Flaherty, Richard E.,
|d 1944-
|
| 700 |
1 |
|
|a O'Connor, Melvin C.
|
| 852 |
4 |
|
|a Ayesha Abed Library
|j General shelf
|
| 999 |
|
|
|c 9372
|d 9372
|
| 952 |
|
|
|0 0
|1 0
|2 ddc
|4 0
|6 657_044000000000000_CHA_1995
|7 0
|9 12179
|a BRACUL
|b BRACUL
|c GEN
|d 2010-09-29
|l 1
|m 15
|o 657.044 CHA
|p 3010011641
|r 2025-09-07
|s 2025-06-23
|t 1
|w 2010-09-29
|y BK
|
| 952 |
|
|
|0 0
|1 0
|2 ddc
|4 0
|6 657_044000000000000_CHA_1995
|7 0
|9 18132
|a BRACUL
|b BRACUL
|c GEN
|d 2011-09-19
|l 0
|o 657.044 CHA
|p 3010011681
|r 2011-09-19
|t 2
|w 2011-09-19
|y BK
|